Vereine im Viertelfinale der UEFA Champions League seit 1995 - Statistiken

Allgemein
  • Dieses Quiz wurde 876 mal gespielt
  • Das Durchschnittsergebnis liegt bei 12 aus 54
Answers on the Grid
Answers color-coded by a green-red scale on the quiz's grid according to % correct below.
Aarhus GF
Ajax Amsterdam
RSC Anderlecht
FC Arsenal
Aston Villa
Panathinaikos Athen
AJ Auxerre
FC Barcelona
Partizan Belgrad
Roter Stern Belgrad
Atalanta Bergamo
BSC Young Boys
Atlético Bilbao
Girondins Bordeaux
Werder Bremen
Brøndby IF
Vasas Budapest
Vőrős Lobogó Budapest
Dinamo Bukarest
FC Burnley
FC Chelsea
Ruch Chorzów
FC Universitatea Craiova
Djurgårdens IF
FK Dnipro
Schachtar Donezk
Borussia Dortmund
Dundee United
Hibernian Edinburgh
PSV Eindhoven
FC Everton
AC Florenz
Celtic Glasgow
IFK Göteborg
Hamburger SV
TJ Spartak Hradec Králové
SSW Innsbruck
Beşiktaş Istanbul
Fenerbahçe Istanbul
Galatasaray Istanbul
1. FC Kaiserslautern
Dynamo Kiew
Deportivo La Coruña
Kuusysi Lahti
Leeds United
Leicester City
RB Leipzig
Bayer 04 Leverkusen
Benfica Lissabon
Sporting Lissabon
FC Liverpool
Widzew Łódź
Standard Lüttich
Olympique Lyon
Atlético Madrid
Real Madrid
AC Mailand
Inter Mailand
FC Málaga
IFK Malmö
Malmö FF
Manchester City
Manchester United
Olympique Marseille
FK Dinamo Minsk
AS Monaco
Borussia Mönchengladbach
Spartak Moskau
ZSKA Moskau
FC Bayern München
FC Nantes
SSC Neapel
APOEL Nikosia
OGC Nizza
Nottingham Forest
Paris Saint-Germain
Olympiakos Piräus
FC Porto
Sparta Prag
Stade Reims
AS Rom
Lazio Rom
Feyenoord Rotterdam
AS Saint-Étienne
Real Sociedad San Sebastián
FC Schalke 04
FC Sevilla
ZDNA Sofia
Hajduk Split
Racing Straßburg
Tottenham Hotspur
Rosenborg Trondheim
Juventus Turin
FC Valencia
FC Villarreal
Legia Warschau
FK Austria Wien
SK Rapid Wien
VfL Wolfsburg
Grasshopper Club Zürich
 
Antwortstatistiken
Antwort % Korrekt
1995, 1996, 1997, 2003, 2019 Ajax Amsterdam
85%
2001, 2004, 2006, 2008, 2009, 2010, 2024 FC Arsenal
83%
1995, 2000, 2002, 2003, 2006, 2008, 2009, 2010, 2011, 2012, 2013, 2014, 2015, 2016, 2017, 2018, 2019, 2020, 2024 FC Barcelona
75%
2000, 2004, 2005, 2007, 2008, 2009, 2011, 2012, 2014, 2021, 2022, 2023 FC Chelsea
44%
1996, 1997, 1998, 2013, 2014, 2017, 2021, 2024 Borussia Dortmund
43%
1996, 1998, 1999, 2000, 2001, 2002, 2003, 2004, 2011, 2012, 2013, 2014, 2015, 2016, 2017, 2018, 2021, 2022, 2023, 2024 Real Madrid
39%
2002, 2005, 2007, 2008, 2009, 2018, 2019, 2021, 2022 FC Liverpool
38%
1997, 2014, 2015, 2016, 2017, 2020, 2022, 2024 Atlético Madrid
37%
1996, 1997, 1998, 1999, 2003, 2005, 2006, 2013, 2015, 2017, 2018, 2019 Juventus Turin
37%
1995, 2003, 2004, 2005, 2006, 2007, 2012, 2023 AC Mailand
35%
1999, 2003, 2005, 2006, 2010, 2011, 2023 Inter Mailand
35%
1997, 1998, 1999, 2000, 2001, 2002, 2003, 2007, 2008, 2009, 2010, 2011, 2014, 2019 Manchester United
35%
1995, 1999, 2000, 2001, 2002, 2005, 2007, 2009, 2010, 2012, 2013, 2014, 2015, 2016, 2017, 2018, 2020, 2021, 2022, 2023, 2024 FC Bayern München
34%
2016, 2018, 2019, 2020, 2021, 2022, 2023, 2024 Manchester City
34%
1995, 2013, 2014, 2015, 2016, 2020, 2021, 2024 Paris Saint-Germain
33%
2011, 2019 Tottenham Hotspur
30%
1997, 2000, 2004, 2009, 2015, 2019, 2021 FC Porto
29%
2008, 2011 FC Schalke 04
29%
2020 RB Leipzig
29%
1998, 2002 Bayer 04 Leverkusen
27%
1998, 2004, 2015, 2017 AS Monaco
22%
2007, 2008, 2018 AS Rom
22%
2004, 2005, 2006, 2010, 2020 Olympique Lyon
22%
2020 Atalanta Bergamo
21%
1995, 2006, 2012, 2016, 2022, 2023 Benfica Lissabon
21%
2006, 2009, 2022 FC Villarreal
21%
2000, 2001, 2003, 2007 FC Valencia
20%
2023 SSC Neapel
19%
2013 FC Málaga
18%
2012 Olympique Marseille
16%
2018 FC Sevilla
14%
2016 VfL Wolfsburg
14%
2005, 2007 PSV Eindhoven
12%
2001, 2002, 2004 Deportivo La Coruña
11%
2017 Leicester City
10%
2001, 2013 Galatasaray Istanbul
8%
1999 1. FC Kaiserslautern
7%
2011 Schachtar Donezk
6%
1998, 1999 Dynamo Kiew
5%
2000 Lazio Rom
4%
1996, 2002 Panathinaikos Athen
4%
1997 AJ Auxerre
3%
2010 Girondins Bordeaux
3%
2001 Leeds United
3%
2012 APOEL Nikosia
2%
2008 Fenerbahçe Istanbul
2%
2010 ZSKA Moskau
2%
1996 FC Nantes
1%
1999 Olympiakos Piräus
1%
1996 Spartak Moskau
1%
1995 Hajduk Split
0%
1995 IFK Göteborg
0%
1996 Legia Warschau
0%
1997 Rosenborg Trondheim
0%
Keine übereinstimmenden Quizze gefunden
Verteilung der Resultate
Anzahl Personen mit jedem Resultat
Perzentil nach korrekt beantworteten Fragen
Ihre Resultats-Entwicklung
Sie haben dieses Quiz noch nicht gespielt